• 首页
  • 本馆介绍
  • 公告通知
  • 最新文献
  • 馆藏检索
  • 电子资源
  • 读者导购
  • 参考咨询
  • 我的图书馆
  • 登录
  • 详细信息显示
  • 放入我的书架
  • 预约/预借图书
  • 作者相关作品
  • 分类相关作品
  • 丛书相关作品
  • 出版社相关作品

书目信息

  • 表格格式
  • 工作单格式
  • 卡片格式
题名:
刑事诉讼法修改建议稿与论证
    
 
作者: 陈泽宪 , 熊秋红 主编
分册:  
出版信息: 北京   中国社会科学出版社  2012.03
页数: 484页
开本: 24cm
丛书名:
单 册:
中图分类: D925.204
科图分类:
主题词: 中华人民共和国刑事诉讼法--zhong hua ren min gong he guo xing shi su song fa--研究
电子资源:
ISBN: 978-7-5161-0669-3
000 01106nam0 2200253 450
001 2375328665
005 20231126205538.69
010    @a978-7-5161-0669-3@dCNY68.00
100    @a20120608d2012 em y0chiy50 ea
101 0  @achi
102    @aCN@b110000
105    @ay z 000yy
200 1  @a刑事诉讼法修改建议稿与论证@Axing shi su song fa xiu gai jian yi gao yu lun zheng@d= Recommendations for revision of the CPL and justifications@e以人权保障为视角@f陈泽宪, 熊秋红主编@zeng
210    @a北京@c中国社会科学出版社@d2012.03
215    @a484页@d24cm
330    @a本书共分为七部分, 主要内容包括: 基础研究报告、《刑事诉讼法》修改立法建议稿、条文论证、问卷调查报告、访谈分析报告、论文等。
510 1  @aRecommendations for revision of the CPL and justifications@zeng
517 1  @a以人权保障为视角@Ayi ren quan bao zhang wei shi jiao
606 0  @a中华人民共和国刑事诉讼法@Azhong hua ren min gong he guo xing shi su song fa@x研究
690    @aD925.204@v5
701  0 @a陈泽宪@Achen ze xian@4主编
701  0 @a熊秋红@Axiong qiu hong@4主编
801  0 @aCN@bRENTIAN@c20120608
905    @aBZT@dD925.204@e3
    
    刑事诉讼法修改建议稿与论证= Recommendations for revision of the CPL and justifications:以人权保障为视角/陈泽宪, 熊秋红主编.-北京:中国社会科学出版社,2012.03
    484页;24cm
    
    
    ISBN 978-7-5161-0669-3:CNY68.00
    本书共分为七部分, 主要内容包括: 基础研究报告、《刑事诉讼法》修改立法建议稿、条文论证、问卷调查报告、访谈分析报告、论文等。
●
相关链接 在五车中查询图书 在当当中查询图书 在豆瓣中查询图书


正题名:刑事诉讼法修改建议稿与论证     索取号:D925.204/3         预约/预借

序号 登录号 条形码 馆藏地/架位号 状态 备注
1 2001115947   2001115947   共建书房-机电学院/ [索取号:D925.204/3] 在馆    
2 2001115948   2001115948   515书库/ [索取号:D925.204/3] 在馆    
3 2001115949   2001115949   515书库/ [索取号:D925.204/3] 在馆    
4 2001115950   2001115950   515书库/ [索取号:D925.204/3] 在馆    
5 2001115951   2001115951   515书库/ [索取号:D925.204/3] 在馆    
6 2001115952   2001115952   515书库/ [索取号:D925.204/3] 在馆    
7 2001115953   2001115953   515书库/ [索取号:D925.204/3] 在馆    
8 2001115954   2001115954   515书库/ [索取号:D925.204/3] 在馆    
9 2001115955   2001115955   515书库/ [索取号:D925.204/3] 在馆    
10 2001115956   2001115956   515书库/ [索取号:D925.204/3] 在馆    
11 2001115957   2001115957   共建书房-机电学院/ [索取号:D925.204/3] 在馆    
12 2001115958   2001115958   515书库/ [索取号:D925.204/3] 在馆    
13 2001115959   2001115959   共建书房-机电学院/ [索取号:D925.204/3] 在馆    
14 2001115960   2001115960   共建书房-机电学院/ [索取号:D925.204/3] 在馆    
15 2001115961   2001115961   共建书房-机电学院/ [索取号:D925.204/3] 在馆    
16 2001115962   2001115962   515书库/ [索取号:D925.204/3] 在馆    
17 2001115963   2001115963   515书库/ [索取号:D925.204/3] 在馆    
18 2001115964   2001115964   515书库/ [索取号:D925.204/3] 在馆    
19 2001115965   2001115965   515书库/ [索取号:D925.204/3] 在馆    
20 2001115966   2001115966   515书库/ [索取号:D925.204/3] 在馆    
21 2001115967   2001115967   515书库/ [索取号:D925.204/3] 在馆    
22 2001115968   2001115968   515书库/ [索取号:D925.204/3] 在馆    
23 2001115969   2001115969   515书库/ [索取号:D925.204/3] 在馆    
24 2001115970   2001115970   共建书房-机电学院/ [索取号:D925.204/3] 在馆    
25 2001115971   2001115971   515书库/ [索取号:D925.204/3] 在馆    
26 2001115972   2001115972   515书库/ [索取号:D925.204/3] 在馆    
27 2001115973   2001115973   515书库/ [索取号:D925.204/3] 在馆    
28 2001115974   2001115974   515书库/ [索取号:D925.204/3] 在馆    
29 2001115975   2001115975   515书库/ [索取号:D925.204/3] 在馆    
30 2001115976   2001115976   515书库/ [索取号:D925.204/3] 在馆    
山东省滨州职业学院图书馆 欢迎您!
大连网信软件有限公司© 版权所有